000 00747cam a2200241 a 4500
001 3872788
005 20180215051108.0
008 890424s1989 nyu b 001 0 eng
010 _a 89033960
020 _a027593263X (alk. paper)
040 _aDLC
_cDLC
_dDLC
041 _aeng
043 _an-us---
080 _a370.973 COH
082 0 0 _a370.973 COH
_220
100 _a47
101 _aEDU
245 0 0 _aFrom the campus :
_cedited by Sol Cohen & Lewis C. Solmon.
504 _aBibliography: p. 225-226.
906 _a7
_bcbc
_corignew
_d1
_eocip
_f19
_gy-gencatlg
942 _2ddc
_cBK
999 _c42636
_d42636